| 000 | 00522nam a22001937a 4500 | ||
|---|---|---|---|
| 003 | OSt | ||
| 005 | 20150429144110.0 | ||
| 008 | 150429b xxu||||| |||| 00| 0 eng d | ||
| 020 | _a0727908502 | ||
| 040 | _cDNLM | ||
| 082 | _aWE 250 B856g 1994 | ||
| 100 |
_aBuckler J M H _94356 |
||
| 245 |
_aGrowth Disorders in children / _cJ M H Buckler |
||
| 260 |
_aLondon: _bBMJ publishing Group; _c1994 |
||
| 300 |
_avii, 197 p : _bill; _c27 cm. |
||
| 504 | _aIncludes index | ||
| 650 |
_aGrowth dsorders _94357 |
||
| 942 |
_2z _cSLOAN |
||
| 999 |
_c1651 _d1651 |
||